Statistiken für Asiatische Länder mit den kürzesten Namen

Klicken Sie hier um das Quiz zu spielen!

Allgemein

  • Dieses Quiz wurde 6.209 mal gespielt
  • Das Durchschnittsergebnis liegt bei 8 aus 9

Antwortstatistiken

Land% Korrekt
Japan
90%
Laos
89%
China
89%
Irak
86%
Iran
86%
Oman
82%
Nepal
82%
Jemen
80%
Katar
71%

Verteilung der Resultate

Perzentil nach korrekt beantworteten Fragen

Anzahl Personen mit jedem Resultat

Ihre Resultats-Entwicklung

Sie haben dieses Quiz noch nicht gespielt